000 03104cam a2200145 4500500
005 20251214002157.0
041 _afre
042 _adc
100 1 0 _aCarricaburu, Danièle
_eauthor
700 1 0 _aMénoret, Marie
_eauthor
245 0 0 _aSociologie de la santé : Institutions, professions, maladies
260 _bArmand Colin,
_c2004.
520 _aLes questions de la maladie et de la santé sont parmi les plus vives aujourd'hui. Elles se posent au croisement des préoccupations individuelles et d'un débat public qui, outre une remontée assez faible des points de vue exprimés par les « clients » du système de soin, ne tend que trop à s'enclore dans des cadres soit biologiques et techniques, soit politiques et gestionnaires. Alors même que le système de santé est appelé à évoluer, il est essentiel, à l'appui des décisions à venir, de clarifier les diverses dimensions et implications sociales de ces questions majeures. C'est ce à quoi s'emploie, avec une ampleur inédite, le présent ouvrage. S'appuyant sur une très vaste littérature, principalement anglo-saxonne et française, il propose une lecture sociologique particulièrement éclairante, structurée autour de trois grands thèmes (institutions, professions, maladies) et fournit tout l'outillage conceptuel prescrit pour penser le lourd et complexe processus de médicalisation à l’œuvre dans nos sociétés. Cette synthèse critique remet aussi en perspective le rôle des divers acteurs médicaux et paramédicaux ainsi que celui des nouveaux protagonistes apparus dans l'arène sociale de la santé - qu'ils soient issus du monde politique, du journalisme ou de l'univers associatif. Cet ouvrage constituera une référence, un outil de travail et un support de réflexion pour les universitaires (enseignants, chercheurs et étudiants en sciences sociales et en médecine) comme pour l'ensemble du public soucieux d'affronter en connaissance de cause les mutations du monde de la médecine, de la maladie et de la santé. Danièle Carricaburu, Maître de Conférences en Sociologie à l'Université de Rouen, est chercheure au GRIS/Rouen et chercheure associée au CERMES/Paris. Marie Ménoret, Maître de Conférences en sociologie à l'Université de Caen, est chercheure en délégation au CNRS, et affiliée au CERMES (EHESS, INSERM, CNRS). L'institution hospitalière. Les fonctions sociales de l'institution hospitalière. L'hôpital comme organisation. L'activité médicale : des professionnels et des patients. Le médecin : contrôleur social ou entrepreneur moral. Au-delà des médecins : les autres groupes professionnels du monde médical. Sociologie de l'activité médicale : des médecins et des patients. Malades et maladie. Maladies chroniques et normalisation. Vivre avec une maladie chronique. Le sida dans l'espace public. La recomposition du monde de la santé. Déchiffrer la santé. Action collective et santé. À nouvelles techniques, nouvelles critiques ?
856 4 1 _uhttps://shs.cairn.info/sociologie-de-la-sante--9782200262297?lang=fr&redirect-ssocas=7080
999 _c1566773
_d1566773